000 01042nam a22002777a 4500
003 0
005 20180908142054.0
008 0
010 _aB-056997
020 _c125.00
_a8171242642
035 _aB-056997 ,B-057021B-057001, B-057018
037 _bCen Lib/Ret
040 _aDPL
_bHN
_c0
082 _a
_bबच्चन
100 _aबच्चन सिंह
_968586
245 _aपांचाली :
_cबच्चन सिंह
_bनाथवती-अनाथवत /
246 _aPaanchali : nathwati-anathwat /
_bby Bachchan Singh
260 _aवाराणसी
_bविश्वविद्यालय प्रकाशन
_c2001
270 _aचौक
_bवाराणसी
300 _a136पृ.
_c20सेमी(सजिल्द)
650 _aहिन्दी साहित्य
_968587
650 _aहिन्दी -- उपन्यास
_968588
650 _aHindi literature
_968589
650 _aHindi -- novel
_968590
942 _2ddc
_cHN
_h
_mबच्चन
999 _c116842
_d116842